Culture Générale - Série 2138 - Statistiques

Statistiques générales
  • Ce quiz a été pris 71 fois
  • Le résultat moyen est 3 sur 10
Statistiques - réponses
Question Réponse % Correct
En poésie, comment appelle-t-on l'eau ? onde
72%
Quel animal est la sittelle ? oiseau
63%
Quel verbe du 1er groupe commençant par " t " signifie "Amasser (de l'argent) de manière à se constituer un trésor" ? thésauriser
46%
De quel pays européen le "lek" est-il la monnaie officielle ? Albanie
40%
Dans quel pays africain coule la rivière Omo ? Ethiopie
29%
Quel mot de 5 lettres commençant par " i " désigne une occlusion intestinale ? iléus
10%
Quel verbe de 8 lettres commençant par " r " signifie : "Faire de petits profits supplémentaires" ? rabioter
10%
Quel mot de 5 lettres commençant par " g " désigne un grain de raisin ? grume
9%
Dans la Rome antique, ce lieu était la partie des thermes où l'on pouvait prendre des bains tièdes tepidarium
6%
Quel nom porte l'algue gluante, visqueuse, verdâtre, appelée familièrement "crachat de lune" ? voir photo nostoc
1%
Aucun quiz correspondant
Distribution des résultats
% des personnes avec chaque résultat
Percentile par nombre de réponses
Votre historique - résultats
Vous n’avez pas pris ce quiz